书目信息 |
| 题名: |
福尔摩斯新探案集 一
|
|
| 作者: | 安德鲁斯 著 | |
| 分册: | ||
| 出版信息: | 北京 作家出版社 2000.05 |
|
| 页数: | 428页 | |
| 开本: | 32开 | |
| 丛书名: | ||
| 单 册: | ||
| 中图分类: | I565.46 | |
| 科图分类: | ||
| 主题词: | 文学 | |
| 电子资源: | ||
| ISBN: | 7-5063-1134-8 | |
| 000 | 00587nam0 2200193 45 | |
| 001 | 0106071640 | |
| 005 | 20010607162300.3 | |
| 010 | @a7-5063-1134-8@d19.50元 | |
| 100 | @a20010607d2000 km y0chiy0120 ea | |
| 101 | 0 | @achi |
| 105 | @a z 000yy | |
| 200 | 1 | @a福尔摩斯新探案集 一@AFu Er Mo Si Xin Tan An Ji Yi@f(英)安德鲁斯等著;谢素台译@F(Ying)An De Lu Si Deng Zhu;Xie Su Tai Yi |
| 210 | @a北京@c作家出版社@d2000.05 | |
| 215 | @a428页@d32开 | |
| 606 | 0 | @a文学 |
| 690 | @aI565.46@v3 | |
| 701 | 0 | @a安德鲁斯@4著 |
| 801 | @aCN@bPftUser@c20010607 | |
| 905 | @b346116-118@dI565.46@eA472:1@f3 | |
| 福尔摩斯新探案集 一/(英)安德鲁斯等著;谢素台译.-北京:作家出版社,2000.05 |
| 428页;32开 |
| ISBN 7-5063-1134-8:19.50元 |
| ● |
| 相关链接 |
|
|
|
正题名:福尔摩斯新探案集一
索取号:I565.46/A472:1
 
预约/预借
| 序号 | 登录号 | 条形码 | 馆藏地/架位号 | 状态 | 备注 |
| 1 | 346116 | 203461164 | 文学库116/ [索取号:I565.46/A472:1] | 在馆 | |
| 2 | 346117 | 203461173 | 文学库116/ [索取号:I565.46/A472:1] | 在馆 | |
| 3 | 346118 | 203461182 | 社科二线422/422社科库 30排4列4层/ [索取号:I565.46/A472:1] | 在馆 |